000 00728nam a2200265Ia 4500
003 OSt
005 20221006142006.0
006 a|||||r|||| 00| 0
007 ta
008 221006b |||||||| |||| 00| 0 jpn d
020 _a75210305020946
_c¥1600
024 _a4,889
037 _bGift, Japan Foundation
_cTextual
040 _aEASL
_cEASL
_bjpn
041 _2jpn
_ajpn
082 _aV42.N7, M0
100 _aTAKAYAMANAGAI Mitsunaga
_9646638
245 0 _aNihonshi jiten
260 _aTokyo
_bKadokawa Shoten Japan
_c1980
300 _a1405p.
_ccm.
490 _v JL
650 _aJL
942 _hV42.N7, M0
_cTEXL
_2CC
999 _c1072975
_d1072975